A. WESLEY POWELL LEARNING RESOURCE CENTRE (WPLRC)

Wonderful Place to Learn, Research & Collaborate

The purpose of adult education: (Record no. 8847)

MARC details
000 -LEADER
fixed length control field nam a22 7a 4500
001 - ACCESSION NUMBER
control field 46779
003 - CONTROL NUMBER IDENTIFIER
control field OSt
005 - DATE AND TIME OF LATEST TRANSACTION
control field 20180410142859.0
008 - FIXED-LENGTH DATA ELEMENTS--GENERAL INFORMATION
fixed length control field 180410b xxu||||| |||| 00| 0 eng d
020 ## - INTERNATIONAL STANDARD BOOK NUMBER
International Standard Book Number 9781550771619
040 ## - CATALOGING SOURCE
Original cataloging agency ddc
Language of cataloging eng
Transcribing agency ddc
Modifying agency ddc
082 ## - DEWEY DECIMAL CLASSIFICATION NUMBER
Classification number 374/
100 ## - MAIN ENTRY--PERSONAL NAME
Relator code Spencer,Bruce
245 ## - TITLE STATEMENT
Title The purpose of adult education:
Remainder of title a short introduction/
Statement of responsibility, etc. Spencer, Bruce
260 ## - PUBLICATION, DISTRIBUTION, ETC. (IMPRINT)
Place of publication, distribution, etc. Toronto:
Name of publisher, distributor, etc. Thompson Education,
Date of publication, distribution, etc. 2006.
300 ## - PHYSICAL DESCRIPTION
Extent ix,135p.
Other physical details :ill;
Dimensions 2006.
504 ## - BIBLIOGRAPHY, ETC. NOTE
Bibliography, etc Includes bibliographical reference and index
942 ## - ADDED ENTRY ELEMENTS (KOHA)
Source of classification or shelving scheme Dewey Decimal Classification
Koha item type Circ Books
Holdings
Withdrawn status Lost status Source of classification or shelving scheme Damaged status Not for loan Home library Current library Date acquired Total Checkouts Full call number Barcode Date last seen Price effective from Koha item type
    Dewey Decimal Classification     Wesley Powell Learning Resource Centre Wesley Powell Learning Resource Centre 04/10/2018   374/SPE (46779) 46779 04/10/2018 04/10/2018 Circ Books